000 00200nam a2200085Ia 4500
008 120527s9999 xx 000 0 und d
100 _aGreen, R. Carl
245 _aPsychology: a way to grow
942 _cBK
999 _c27513
_d27513